[Event "Druzynowe Mistrzostwa Polski w Szachach Blyskawicznych"]
[Site "Piotrkow Trybunalski"]
[Date "1899-12-30"]
[Round "7.9"]
[White "Tazbir, Marcin"]
[Black "Tomczak, Jacek"]
[Result "1-0"]
[WhiteTitle "GM"]
[BlackTitle "GM"]
[WhiteElo "2552"]
[BlackElo "2546"]

1. g3 d5 2. Bg2 Nf6 3. d3 e5 4. c4 dxc4 5. Qa4+ c6 6. Qxc4 Be6 7. Qc2 Nbd7 8. Nf3
h6 9. O-O Be7 10. b3 O-O 11. Bb2 Qc7 12. Nbd2 Nd5 13. a3 Rad8 14. e4 N5b6 15.
d4 f6 16. d5 Bf7 17. Nh4 Bc5 18. b4 Bd4 19. Bxd4 exd4 20. Nf5 Rfe8 21. d6 Qb8
22. Nf3 d3 23. Qxd3 Bc4 24. Qc2 Bxf1 25. Rxf1 Nf8 26. Rd1 Ne6 27. e5 Nd5 28. exf6
Nxf6 29. Ne7+ Kf8 30. Ng6+ Kg8 31. Ne7+ Kf8 32. Nf5 Qc8 33. Bh3 Ng5 34. Bg2 Nxf3+
35. Bxf3 Qe6 36. Qc5 Rd7 37. Ne7 Kf7 38. Rd4 b6 39. Qxc6 Rdxe7 40. dxe7 Qxc6 41.
Bxc6 Rxe7 42. Kg2 Rc7 43. b5 Ke6 44. f4 Ng8 45. Bd5+ Ke7 46. Bxg8 Rc2+ 47. Kh3
Rb2 48. a4 g6 49. Bd5 Kd6 50. Be4+ Kc5 51. Rd5+ Kc4 52. Rd6 Kb4 53. Rxg6 Kxa4
54. Bc6 h5 55. Rg7 1-0

[Event "Druzynowe Mistrzostwa Polski w Szachach Blyskawicznych"]
[Site "Piotrkow Trybunalski"]
[Date "1899-12-30"]
[Round "7.10"]
[White "Warakomski, Tomasz"]
[Black "Cyborowski, Lukasz"]
[Result "1-0"]
[WhiteTitle "GM"]
[BlackTitle "GM"]
[WhiteElo "2503"]
[BlackElo "2577"]

1. e4 c5 2. Nf3 e6 3. b4 cxb4 4. d4 Nf6 5. Bd3 Nc6 6. O-O Be7 7. a3 O-O 8. axb4
Nxb4 9. e5 Nfd5 10. c4 Nxd3 11. cxd5 Nxc1 12. d6 Bg5 13. Nxg5 Qxg5 14. Nc3 b6
15. Rxc1 Bb7 16. f3 Qe3+ 17. Kh1 Rfc8 18. Re1 Qf4 19. Nb5 Rxc1 20. Qxc1 Qxc1 21.
Rxc1 Bc6 22. Nc7 Rb8 23. Na6 Rc8 24. Kg1 f6 25. Kf2 Kf7 26. Ke3 fxe5 27. dxe5
Bb7 28. Nc7 a6 29. Rb1 b5 30. Kd4 Bc6 31. Ra1 b4 32. Kc4 Rb8 33. Nxa6 Bb5+ 34.
Kb3 Bxa6 35. Rxa6 Kg6 36. Ra7 Kf5 37. Rxd7 Kxe5 38. Rxg7 Kxd6 39. Rxh7 Kc5 40.
Rc7+ Kd5 41. Rc4 Rg8 42. Rc2 Rh8 43. h3 Rh4 44. Re2 e5 45. Rd2+ Kc5 46. Rc2+ Kd5
47. Rc8 e4 48. Rc4 Rh7 49. Rxe4 Rg7 50. Rg4 Rb7 51. Rxb4 1-0

[Event "Druzynowe Mistrzostwa Polski w Szachach Blyskawicznych"]
[Site "Piotrkow Trybunalski"]
[Date "1899-12-30"]
[Round "8.1"]
[White "Miton, Kamil"]
[Black "Bartel, Mateusz"]
[Result "1-0"]
[WhiteTitle "GM"]
[BlackTitle "GM"]
[WhiteElo "2530"]
[BlackElo "2628"]

1. d4 e6 2. c4 b6 3. Nf3 Bb7 4. g3 Bb4+ 5. Bd2 Bxf3 6. exf3 Bxd2+ 7. Qxd2 Nf6 8.
Nc3 O-O 9. O-O-O d5 10. h4 c6 11. h5 Nbd7 12. Kb1 a6 13. g4 b5 14. g5 Ne8 15.
cxd5 cxd5 16. Bd3 Nd6 17. Qf4 Nb6 18. h6 g6 19. Qe5 Ne8 20. f4 Nd7 21. Qe3 Nd6
22. Ne2 Qb6 23. Ng1 Nc4 24. Bxc4 bxc4 25. Nf3 Rab8 26. Rd2 Qd6 27. Rc1 f6 28.
Re1 Rbe8 29. Rde2 a5 30. gxf6 Nxf6 31. Ng5 Ng4 32. Qg3 Qxf4 33. Nxe6 Qf5+ 34.
Ka1 Nxh6 35. Nxf8 Rxf8 36. a3 Qf7 37. Qd6 Nf5 38. Qc5 a4 39. Re5 Rd8 40. Qa5 Rd7
41. Qxa4 Nxd4 42. Re8+ Kg7 43. Qxd7 Qxd7 44. R8e7+ Qxe7 45. Rxe7+ Kg8 46. a4 h5
47. Ka2 h4 48. a5 h3 49. a6 Nb5 50. Rb7 h2 51. Rxb5 h1=Q 52. a7 1-0

[Event "Druzynowe Mistrzostwa Polski w Szachach Blyskawicznych"]
[Site "Piotrkow Trybunalski"]
[Date "1899-12-30"]
[Round "8.2"]
[White "Moranda, Wojciech"]
[Black "Bulski, Krzysztof"]
[Result "0-1"]
[WhiteTitle "GM"]
[BlackTitle "GM"]
[WhiteElo "2603"]
[BlackElo "2485"]

1. d4 d5 2. c4 c6 3. Nc3 Nf6 4. e3 e6 5. Nf3 Nbd7 6. Be2 Bd6 7. O-O O-O 8. b3 b6
9. Bb2 Bb7 10. Rc1 Qe7 11. Re1 Rac8 12. Bf1 dxc4 13. bxc4 c5 14. d5 exd5 15. cxd5
a6 16. a4 Ne5 17. e4 Nxf3+ 18. Qxf3 Be5 19. Nd1 Rfe8 20. Bxe5 Qxe5 21. Nc3 c4
22. Rb1 Ba8 23. Qg3 Qe7 24. d6 Qd7 25. e5 Nd5 26. Nxd5 Bxd5 27. Qc3 b5 28. Qd4
Be6 29. Rec1 Rb8 30. f4 g6 31. axb5 axb5 32. g3 Rec8 33. Ra1 Rb7 34. Bg2 Rbb8
35. Ra7 Qd8 36. Bd5 Bxd5 37. Qxd5 Qb6+ 0-1

[Event "Druzynowe Mistrzostwa Polski w Szachach Blyskawicznych"]
[Site "Piotrkow Trybunalski"]
[Date "1899-12-30"]
[Round "8.3"]
[White "Gdanski, Jacek"]
[Black "Wieczorek, Oskar"]
[Result "0-1"]
[WhiteTitle "GM"]
[BlackTitle "IM"]
[WhiteElo "2442"]
[BlackElo "2282"]

1. e4 c5 2. Nc3 e6 3. Nf3 Nc6 4. d4 cxd4 5. Nxd4 Qc7 6. g3 a6 7. Bg2 h5 8. h3 Nge7
9. Be3 h4 10. g4 Ng6 11. Nxc6 bxc6 12. Qd2 e5 13. Ne2 Rb8 14. b3 Bb4 15. c3 Be7
16. f4 exf4 17. Nxf4 Ne5 18. O-O d6 19. Rad1 O-O 20. Kh1 a5 21. Qf2 a4 22. b4
Ba6 23. Rg1 Bg5 24. Nh5 Bxe3 25. Qxe3 Ng6 26. Qd4 f6 27. Qxd6 Qxd6 28. Rxd6 Ne5
29. Rgd1 a3 30. Kg1 Bc4 31. R1d2 c5 32. bxc5 Rb1+ 33. Kf2 Rb2 34. Ke3 Bxa2 35.
Kf4 Nc4 36. Rxb2 axb2 37. Rd1 b1=Q 38. Rxb1 Bxb1 39. c6 Rc8 40. e5 Nxe5 41. Kf5
Nxc6+ 42. Bd5+ Kf8+ 43. Nf4 Ne7+ 44. Ke6 Nxd5 45. Nxd5 Ba2 0-1

[Event "Druzynowe Mistrzostwa Polski w Szachach Blyskawicznych"]
[Site "Piotrkow Trybunalski"]
[Date "1899-12-30"]
[Round "8.4"]
[White "Gumularz, Szymon"]
[Black "Masternak, Grzegorz"]
[Result "1-0"]
[WhiteTitle "I++"]
[BlackTitle "IM"]
[WhiteElo "2262"]
[BlackElo "2267"]

1. e4 e6 2. Nf3 d5 3. e5 c5 4. b4 cxb4 5. a3 f6 6. axb4 fxe5 7. Nxe5 Nf6 8. Bb5+
Bd7 9. Nxd7 Nbxd7 10. Qe2 Qb6 11. c3 Be7 12. O-O O-O 13. d4 Rae8 14. Bf4 a6 15.
Ba4 Bd6 16. Bxd6 Qxd6 17. Nd2 e5 18. dxe5 Rxe5 19. Qd3 Rh5 20. f4 Qb6+ 21. Kh1
Ng4 22. h3 Ndf6 23. Qg3 Ne3 24. Rf3 Nf5 25. Qf2 Qc7 26. Kg1 Ne4 27. Qe1 Nxc3 28.
g4 Qb6+ 29. Qf2 Qxf2+ 30. Kxf2 Nxa4 31. Rxa4 Rh6 32. gxf5 Rxf5 33. b5 axb5 34.
Rb4 d4 35. Rxd4 Rc6 36. Rb3 Rc2 37. Kg3 Rf6 38. Nf3 Rg6+ 39. Kh4 Rc4 40. Rxc4
bxc4 41. Rxb7 Rc6 42. Ne5 Rc8 43. Rb2 c3 44. Rc2 Rc4 45. Nxc4 1-0

[Event "Druzynowe Mistrzostwa Polski w Szachach Blyskawicznych"]
[Site "Piotrkow Trybunalski"]
[Date "1899-12-30"]
[Round "8.5"]
[White "Nasuta, Grzegorz"]
[Black "Pakleza, Zbigniew"]
[Result "1-0"]
[WhiteTitle "IM"]
[BlackTitle "GM"]
[WhiteElo "2371"]
[BlackElo "2563"]

1. e4 d6 2. d4 Nf6 3. Nc3 c6 4. Bd3 e5 5. Nf3 Nbd7 6. Qe2 b5 7. Bg5 Be7 8. dxe5
dxe5 9. a4 b4 10. Nb1 O-O 11. Nbd2 Qc7 12. O-O Re8 13. Nc4 Bf8 14. Ne3 h6 15.
Bh4 a5 16. Rfc1 Nh5 17. Bc4 Nf4 18. Qf1 Nc5 19. Bd3 Nfxd3 20. cxd3 Nb3 21. Bg3
f6 22. d4 Nxa1 23. Rxa1 Bd6 24. dxe5 fxe5 25. Rc1 Bg4 26. Nxg4 c5 27. Ne3 Qc6
28. Qc4+ Kh8 29. b3 Rad8 30. Nd5 Rf8 31. Nxe5 Qe8 32. Nf3 Qg6 33. Bxd6 Rxd6 34.
Kh1 Re6 35. e5 Ree8 36. Re1 Qh5 37. Qe4 Rf7 38. e6 Rf5 39. g4 Rxe6 40. Qxf5 1-0

[Event "Druzynowe Mistrzostwa Polski w Szachach Blyskawicznych"]
[Site "Piotrkow Trybunalski"]
[Date "1899-12-30"]
[Round "8.6"]
[White "Dziuba, Marcin"]
[Black "Trofimiuk, Tomasz"]
[Result "1-0"]
[WhiteTitle "GM"]
[BlackTitle "II+"]
[WhiteElo "2536"]
[BlackElo "1624"]

1. d4 Nf6 2. c4 e6 3. Nf3 Bb4+ 4. Nbd2 b6 5. a3 Bxd2+ 6. Bxd2 Bb7 7. Bf4 Ne4 8.
e3 d6 9. Nd2 f5 10. Nxe4 Bxe4 11. Qh5+ g6 12. Qh6 Qe7 13. O-O-O Nd7 14. Bg5 Qf7
15. d5 Ne5 16. f3 Nxf3 17. gxf3 Bxf3 18. Bh3 Bxh1 19. Rxh1 exd5 20. Bg2 c6 21.
cxd5 c5 22. e4 Kd7 23. exf5 gxf5 24. Qe6+ Qxe6 25. dxe6+ Kxe6 26. Re1+ Kf7 27.
Bxa8 Rxa8 28. Re7+ Kg6 29. h4 h6 30. Re6+ Kh5 31. Rxh6+ Kg4 32. Rxd6 Re8 33. Kd2
f4 34. Rd8 Re6 35. Rg8 f3 36. Rg7 Kg3 37. h5 Kf2 38. h6 Rd6+ 39. Kc3 Ke2 40. Re7+
Kd1 41. Bh4 Rxh6 42. Re1# 1-0

[Event "Druzynowe Mistrzostwa Polski w Szachach Blyskawicznych"]
[Site "Piotrkow Trybunalski"]
[Date "1899-12-30"]
[Round "8.7"]
[White "Zochowski, Kacper"]
[Black "Jakubiec, Artur"]
[Result "0-1"]
[WhiteTitle "k"]
[BlackTitle "GM"]
[WhiteElo "2277"]
[BlackElo "2497"]

1. e4 c5 2. Nf3 Nc6 3. d4 cxd4 4. Nxd4 e5 5. Nb5 d6 6. N1c3 a6 7. Na3 b5 8. Nd5
Nge7 9. c4 Nd4 10. Nc2 Nxd5 11. Nxd4 Nf6 12. Nf3 Bb7 13. cxb5 Bxe4 14. bxa6 Qb6
15. Qb3 Qc7 16. Bb5+ Ke7 17. O-O Bd5 18. Qd1 h6 19. a4 g5 20. Re1 Be6 21. Bd2
Bg7 22. Bb4 Rhd8 23. Nxe5 Kf8 24. Nc6 Rd7 25. Rc1 Nd5 26. Ba3 Qb6 27. Qf3 Kg8
28. Nb4 g4 29. Qd1 Nxb4 30. Bxb4 Rdd8 31. Qd2 Rdc8 32. Ba5 Qa7 33. Rxc8+ Rxc8
34. Rc1 Rxc1+ 35. Qxc1 Bd4 36. Qd2 Qc5 37. Bc3 Be5 38. Bxe5 dxe5 39. Qe3 Qd5 40.
Qc1 Qd4 41. g3 Bd5 42. Qb1 Qd2 43. a7 Kg7 44. Bf1 Qd4 45. Bg2 Bxg2 46. Kxg2 Qxa7
47. Qe4 f6 48. b3 Qb6 49. Qc4 h5 50. Kg1 Kg6 51. b4 Qd8 52. Qc2+ f5 53. a5 Qd4
54. Qb1 e4 55. Qe1 Qc4 56. Qd2 h4 57. Qd6+ Kh5 58. Qd2 h3 59. Qb2 Qd3 60. Qc1
Qf3 0-1

[Event "Druzynowe Mistrzostwa Polski w Szachach Blyskawicznych"]
[Site "Piotrkow Trybunalski"]
[Date "1899-12-30"]
[Round "8.8"]
[White "Weichhold, Pawel"]
[Black "Borawski, Jakub"]
[Result "0-1"]
[WhiteTitle "IM"]
[BlackTitle "k"]
[WhiteElo "2382"]
[BlackElo "1984"]

1. e4 e5 2. Nf3 Nc6 3. Bb5 a6 4. Ba4 Nf6 5. O-O Be7 6. Re1 b5 7. Bb3 d6 8. c3 O-O
9. d4 Bg4 10. Be3 exd4 11. cxd4 Na5 12. Bc2 c5 13. h3 Bh5 14. d5 Rc8 15. b3 b4
16. Nbd2 c4 17. g4 Bg6 18. Bd4 cxb3 19. axb3 Nxd5 20. Nc4 Nxc4 21. bxc4 Nf4 22.
Kh2 a5 23. Bb3 Ne6 24. Ra2 Re8 25. Ng1 Bf6 26. Ba1 Bxa1 27. Qxa1 Nc5 28. Bd1 Bxe4
29. Rxa5 Bc6 30. Rxe8+ Qxe8 31. Qd4 b3 32. Ra7 Qe5+ 33. Qxe5 dxe5 34. Ne2 b2 35.
Nc3 Ne4 36. Nb1 Nxf2 37. Bc2 Be4 38. Bxe4 Nxe4 39. Rb7 f6 40. Na3 Nc5 41. Rxb2
Ne4 42. Re2 Nd6 43. Rc2 Kf7 44. c5 Ne4 45. c6 Ke6 46. Nb5 Nd6 47. Na7 Rc7 48.
Ra2 Kd5 49. Rd2+ Kc5 50. Ra2 Kb6 51. Rd2 Nc4 52. Rc2 Na5 53. Rb2+ Kxa7 54. Rb5
Ka6 55. Rd5 Nxc6 56. Rd6 Kb5 57. Re6 Kc4 58. Re8 Kd3 59. h4 h6 60. Kg3 Nd4 61.
g5 hxg5 62. h5 Nf5+ 63. Kg4 Nh6+ 64. Kg3 Rc4 65. Rd8+ Ke3 66. Rd1 Nf5+ 67. Rd7
0-1

[Event "Druzynowe Mistrzostwa Polski w Szachach Blyskawicznych"]
[Site "Piotrkow Trybunalski"]
[Date "1899-12-30"]
[Round "8.9"]
[White "Tomczak, Jacek"]
[Black "Dobrowolski, Piotr"]
[Result "1/2-1/2"]
[WhiteTitle "GM"]
[BlackTitle "IM"]
[WhiteElo "2546"]
[BlackElo "2331"]

1. e4 c5 2. Nf3 Nc6 3. d4 cxd4 4. Nxd4 Nf6 5. Nc3 d6 6. Bc4 e5 7. Nf5 Be6 8. Bb3
Nxe4 9. Nxg7+ Bxg7 10. Nxe4 d5 11. Nc5 Qa5+ 12. Qd2 Qxc5 13. Qg5 O-O 14. Qg3 f5
15. Bh6 Rf7 16. O-O-O Nd4 17. Rhe1 Nxb3+ 18. axb3 Rc8 19. c3 d4 20. Bxg7 Rxg7
21. Qxe5 Qxe5 22. Rxe5 Bxb3 23. Rxd4 Rxg2 24. Rxf5 Re8 25. Kd2 Rg1 26. c4 Rd1+
27. Kc3 Rxd4 28. Kxd4 Rc8 29. Rb5 Bxc4 30. Rxb7 a6 31. f4 Bb5 32. Ke5 Rf8 33.
f5 Rf7 34. Rb6 Kg7 35. h4 Re7+ 36. Kf4 Re2 37. h5 h6 38. Rb7+ Kf8 39. b4 Rb2 40.
Ke5 Rxb4 41. Rb8+ Kf7 42. Rb7+ Ke8 43. Rh7 Bd3 44. Rh8+ Kf7 45. Rh7+ Kg8 46. Rxh6
Rb5+ 47. Kd4 Bxf5 48. Rxa6 Kg7 49. h6+ Kh7 50. Ke3 Bg6 51. Kf4 Rf5+ 52. Ke3 Kxh6
53. Kd4 Kg5 54. Re6 Rf1 55. Re2 Bf5 56. Kc5 Kf4 57. Re8 Rd1 58. Kb4 Be4 59. Re6
Rc1 60. Rb6 Ke3 61. Rd6 Bd3 62. Rd8 Rc4+ 63. Ka5 Rc6 64. Kb4 Kd2 65. Rd5 Rc4+
66. Kb5 Kc2 67. Rc5 1/2-1/2

[Event "Druzynowe Mistrzostwa Polski w Szachach Blyskawicznych"]
[Site "Piotrkow Trybunalski"]
[Date "1899-12-30"]
[Round "8.10"]
[White "Stachowiak, Kamil"]
[Black "Warakomski, Tomasz"]
[Result "0-1"]
[WhiteTitle "IM"]
[BlackTitle "GM"]
[WhiteElo "2366"]
[BlackElo "2503"]

1. Nf3 d5 2. d4 Nf6 3. c4 dxc4 4. Nc3 e6 5. Bg5 Bb4 6. e3 a6 7. Bxc4 b5 8. Be2
Bb7 9. O-O Be7 10. a4 b4 11. Nb1 c5 12. Nbd2 Nbd7 13. a5 O-O 14. Nc4 Rc8 15. dxc5
Rxc5 16. Bh4 Qa8 17. Nb6 Nxb6 18. axb6 Rc6 19. Nd4 Rxb6 20. f3 Rd8 21. Qa4 Nd5
22. Bf2 Bg5 23. Qb3 Qb8 24. Rfd1 Rbd6 25. Bf1 R6d7 26. g3 Be7 27. e4 Nc7 28. Be2
g6 29. Rac1 e5 30. Nc6 Rxd1+ 31. Bxd1 Bxc6 32. Rxc6 Nb5 33. Be2 Nd4 34. Bxd4 exd4
35. Bc4 Kg7 36. Bd5 Qb5 37. Kf2 d3 38. Rc4 d2 39. Qd3 Qxc4 0-1

[Event "Druzynowe Mistrzostwa Polski w Szachach Blyskawicznych"]
[Site "Piotrkow Trybunalski"]
[Date "1899-12-30"]
[Round "9.1"]
[White "Psyk, Radoslaw"]
[Black "Miton, Kamil"]
[Result "0-1"]
[WhiteTitle "k"]
[BlackTitle "GM"]
[WhiteElo "2124"]
[BlackElo "2530"]

1. f4 d5 2. Nf3 g6 3. e3 Bg7 4. c4 Nf6 5. Nc3 O-O 6. Be2 c5 7. cxd5 Nxd5 8. O-O
Nc6 9. a3 Bf5 10. Qb3 Nb6 11. e4 Bg4 12. Kh1 Qd7 13. Qb5 Rac8 14. d3 Nd4 15. Nxd4
cxd4 16. Qxd7 Bxd7 17. Nd5 Nxd5 18. exd5 Rc5 19. Bf3 Bf5 20. Be4 Bxe4 21. dxe4
f5 22. e5 Rxd5 23. Bd2 Rc8 24. Rac1 Rdc5 25. Rxc5 Rxc5 26. Rc1 Rxc1+ 27. Bxc1
Kf7 28. Kg1 Ke6 29. Kf2 Kd5 30. Kf3 Kc4 31. Bd2 e6 32. Bb4 Kd3 33. a4 g5 34. g3
gxf4 35. gxf4 Kc2 36. Bc5 d3 0-1

[Event "Druzynowe Mistrzostwa Polski w Szachach Blyskawicznych"]
[Site "Piotrkow Trybunalski"]
[Date "1899-12-30"]
[Round "9.2"]
[White "Bulski, Krzysztof"]
[Black "Slomczewski, Michal"]
[Result "0-1"]
[WhiteTitle "GM"]
[BlackTitle "I"]
[WhiteElo "2485"]
[BlackElo "1950"]

1. e4 c6 2. d4 d5 3. Nc3 dxe4 4. Nxe4 Nf6 5. Nxf6+ gxf6 6. c3 Bf5 7. g3 e6 8. Bg2
Qb6 9. Nf3 Qa6 10. Bf1 Qb6 11. Bg2 Qa6 12. Bf1 Qb6 13. Be2 Bh3 14. Qb3 Bd6 15.
Be3 Nd7 16. Nd2 Bf5 17. Nc4 Qc7 18. Nxd6+ Qxd6 19. Bf3 O-O-O 20. O-O-O Qe7 21.
d5 exd5 22. Bxa7 Kc7 23. Rhe1 Be6 24. Bd4 Ra8 25. a3 Qd6 26. Qc2 Ne5 27. Qe2 Nc4
28. Bxf6 Rhe8 29. Qxc4 dxc4 30. Be5 Bd5 31. Bxd6+ Kxd6 32. Bxd5 cxd5 33. Kd2 Re6
34. Rxe6+ fxe6 35. Ke3 Rf8 36. Rd4 e5 37. Rh4 Rf7 38. Rh5 Re7 39. h4 b6 40. Rf5
0-1

[Event "Druzynowe Mistrzostwa Polski w Szachach Blyskawicznych"]
[Site "Piotrkow Trybunalski"]
[Date "1899-12-30"]
[Round "9.3"]
[White "Mechlinski, Jakub"]
[Black "Gdanski, Jacek"]
[Result "0-1"]
[WhiteTitle "I"]
[BlackTitle "GM"]
[WhiteElo "1843"]
[BlackElo "2442"]

1. e4 e6 2. d4 d5 3. Nd2 Nf6 4. e5 Nfd7 5. Bd3 c5 6. c3 b6 7. Ne2 Ba6 8. Bxa6 Nxa6
9. O-O Nab8 10. f4 g6 11. Nf3 Nc6 12. Qd3 c4 13. Qc2 b5 14. Kh1 h5 15. a4 b4 16.
g3 Be7 17. Be3 a5 18. h3 Nb6 19. Kg2 Qd7 20. g4 O-O-O 21. Ng3 hxg4 22. hxg4 Bh4
23. Ne2 Be7 24. b3 Kb7 25. Rfb1 Ka8 26. Bf2 Rc8 27. Nd2 Qb7 28. g5 bxc3 29. Qxc3
Bb4 30. Qe3 Ne7 31. bxc4 dxc4+ 32. Nf3 Nf5 33. Qc1 Nd5 34. Ra2 Rc7 35. Ng3 Nxg3
36. Bxg3 Nc3 37. Rc2 Nxb1 38. Qxb1 c3 39. Qe1 Qd5 40. Qe2 Kb7 41. Bf2 Rhc8 42.
Be1 Rc4 43. Bf2 Qc6 44. Be3 Qxa4 45. Ra2 0-1

[Event "Druzynowe Mistrzostwa Polski w Szachach Blyskawicznych"]
[Site "Piotrkow Trybunalski"]
[Date "1899-12-30"]
[Round "9.4"]
[White "Masternak, Grzegorz"]
[Black "Rak, Maciej"]
[Result "0-1"]
[WhiteTitle "IM"]
[BlackTitle "I"]
[WhiteElo "2267"]
[BlackElo "1700"]

1. e4 c5 2. Nc3 Nc6 3. g3 g6 4. Bg2 Bg7 5. d3 e6 6. Be3 d6 7. Qd2 a6 8. Nge2 b5
9. O-O Nge7 10. Bh6 O-O 11. Bxg7 Kxg7 12. f4 d5 13. Rae1 d4 14. Nd1 f5 15. Nf2
Ra7 16. g4 Qa5 17. Qxa5 Nxa5 18. Ng3 c4 19. gxf5 exf5 20. exf5 Nxf5 21. Nxf5+
Bxf5 22. Ne4 Nc6 23. Nc5 Nb4 24. dxc4 Nxc2 25. Ne6+ Bxe6 26. Rxe6 bxc4 27. Rc6
Ne3 28. Rf2 Raf7 29. h3 Rxf4 30. Rxf4 Rxf4 31. Rxa6 Rf7 32. Rd6 Nc2 33. Bd5 Rc7
34. Be4 Ne3 35. a4 d3 36. a5 Rf7 37. a6 Rf1+ 38. Kh2 Ra1 39. Rd7+ Kf6 40. a7 d2
41. Rxd2 Rxa7 42. Rf2+ Ke5 43. Bc6 Rc7 44. Ba4 Nf5 45. Bc2 Rb7 46. Bxf5 gxf5 47.
Kg3 Rb3+ 48. Kh4 h5 49. Kxh5 Rxh3+ 50. Kg5 Rg3+ 51. Kh5 Rg8 52. Rc2 Kd4 53. Rf2
Ke4 54. Rc2 f4 55. Rxc4+ Ke3 56. Rc7 f3 57. Re7+ Kf4 58. Rf7+ Kg3 59. b4 f2 60.
Kh6 Kg2 61. Kh7 Rg4 62. b5 f1=Q 0-1

[Event "Druzynowe Mistrzostwa Polski w Szachach Blyskawicznych"]
[Site "Piotrkow Trybunalski"]
[Date "1899-12-30"]
[Round "9.5"]
[White "Pakleza, Zbigniew"]
[Black "Orzech, Dominik"]
[Result "0-1"]
[WhiteTitle "GM"]
[BlackTitle "IM"]
[WhiteElo "2563"]
[BlackElo "2449"]

1. d4 Nf6 2. Nf3 c5 3. c3 cxd4 4. cxd4 d5 5. Nc3 Nc6 6. Bf4 a6 7. e3 Bg4 8. Bd3
e6 9. Qb3 Bxf3 10. gxf3 Na5 11. Qa4+ Nd7 12. Rc1 b5 13. Bxb5 axb5 14. Nxb5 Nb6
15. Nc7+ Ke7 16. Qb4+ Kf6 17. Be5+ Kg6 18. Rg1+ Kh5 19. Qxb6 Rb8 20. Qa6 Rxb2
21. Kf1 Qh4 22. Rg2 Nc4 23. Bg3 Qh3 24. Rxc4 dxc4 25. Qa5+ Qf5 26. Qxf5+ exf5
27. Be5 c3 28. d5 Rb1+ 29. Ke2 c2 30. Bf4 h6 31. e4 fxe4 32. fxe4 c1=Q 33. Bxc1
Rxc1 34. Ne8 Rc2+ 35. Kd3 Rxa2 36. d6 Bxd6 37. Nxd6 Rd8 38. e5 f6 39. Ke4 Ra4+
40. Kf5 fxe5 41. Ke6 Ra6 0-1

[Event "Druzynowe Mistrzostwa Polski w Szachach Blyskawicznych"]
[Site "Piotrkow Trybunalski"]
[Date "1899-12-30"]
[Round "9.6"]
[White "Sopur, Lech"]
[Black "Dziuba, Marcin"]
[Result "0-1"]
[WhiteTitle "m"]
[BlackTitle "GM"]
[WhiteElo "2379"]
[BlackElo "2536"]

1. d4 d5 2. c4 e6 3. Nc3 c6 4. Nf3 Nf6 5. Bg5 Nbd7 6. cxd5 exd5 7. e3 Be7 8. Bd3
Nh5 9. Bxe7 Qxe7 10. O-O O-O 11. a3 a5 12. Rc1 Re8 13. Na4 Nhf6 14. Qc2 Ne4 15.
Bxe4 dxe4 16. Nd2 Nf6 17. Nb6 Ra6 18. Nxc8 Rxc8 19. Qc5 Qe6 20. Rc2 Re8 21. Rfc1
a4 22. Qg5 h6 23. Qg3 Rb6 24. Nc4 Rb3 25. Qc7 Nd5 26. Qa5 Rb5 27. Qxa4 f5 28.
Re1 f4 29. exf4 Nxf4 30. Ne3 Nd3 31. Rf1 Rd8 32. Qc4 Qxc4 33. Nxc4 Rxd4 34. f3
e3 35. Nxe3 Rxb2 36. Rc3 Nf4 37. Kh1 Rdd2 38. Re1 Nxg2 39. Nxg2 Rxg2 0-1

[Event "Druzynowe Mistrzostwa Polski w Szachach Blyskawicznych"]
[Site "Piotrkow Trybunalski"]
[Date "1899-12-30"]
[Round "9.7"]
[White "Jakubiec, Artur"]
[Black "Wolny, Ryszard"]
[Result "1-0"]
[WhiteTitle "GM"]
[BlackTitle "k"]
[WhiteElo "2497"]
[BlackElo "2305"]

1. f4 Nf6 2. Nf3 g6 3. g3 Bg7 4. Bg2 d6 5. O-O O-O 6. d3 c5 7. Nc3 Nc6 8. Nh4 e6
9. e4 Nd4 10. h3 Rb8 11. Ne2 Nd7 12. f5 exf5 13. exf5 Nxf5 14. Nxf5 gxf5 15. Nf4
Nf6 16. Bd2 d5 17. c3 Be6 18. Qf3 Qd7 19. Qf2 b6 20. a4 Rbd8 21. Bf3 c4 22. dxc4
dxc4 23. Be3 Kh8 24. a5 bxa5 25. Rxa5 Ne4 26. Qg2 Rb8 27. Kh2 Rg8 28. Nh5 Qc7
29. Nxg7 Rxg7 30. Bxe4 fxe4 31. Bd4 Qb7 32. Rf2 a6 33. Rg5 1-0

[Event "Druzynowe Mistrzostwa Polski w Szachach Blyskawicznych"]
[Site "Piotrkow Trybunalski"]
[Date "1899-12-30"]
[Round "9.8"]
[White "Swic, Waldemar"]
[Black "Weichhold, Pawel"]
[Result "0-1"]
[WhiteTitle "FM"]
[BlackTitle "IM"]
[WhiteElo "2297"]
[BlackElo "2382"]

1. Nf3 Nf6 2. g3 g6 3. b4 Bg7 4. Bb2 O-O 5. Bg2 d6 6. O-O e5 7. d3 h6 8. c4 Be6
9. Nc3 Qd7 10. e4 c6 11. a4 Na6 12. Ba3 Nh5 13. Rc1 Kh8 14. Re1 Rae8 15. d4 exd4
16. Nxd4 Bxc4 17. Nf5 gxf5 18. Qxh5 Bd3 19. b5 Nc5 20. Bxc5 dxc5 21. bxc6 bxc6
22. e5 Qe6 23. f4 c4 24. Qf3 Rb8 25. Qxc6 Qxc6 26. Bxc6 Rfd8 27. Bd5 Rd7 28. Bc6
Rc7 29. Bf3 Bf8 30. Nd5 Rcc8 31. Kg2 Rb2+ 32. Kh3 Kg7 33. Red1 Rd8 34. Ne3 Rb4
35. Nc2 Rxa4 36. Ne3 Rb8 37. g4 fxg4+ 38. Bxg4 Ra3 39. f5 Rb2 40. f6+ Kh8 41.
Kh4 Rxh2+ 42. Kg3 Rb2 43. Rh1 Bg6 44. Kf4 Rf2+ 45. Kg3 Rd2 46. Rce1 Rdd3 47. Kf4
Kh7 48. e6 fxe6 49. Bxe6 Bd6+ 50. Kg4 Rxe3 51. Rxe3 Rxe3 52. Bf5 Rg3+ 53. Kh4
Bxf5 54. Kh5 Rg5+ 55. Kh4 Bg3# 0-1

[Event "Druzynowe Mistrzostwa Polski w Szachach Blyskawicznych"]
[Site "Piotrkow Trybunalski"]
[Date "1899-12-30"]
[Round "9.9"]
[White "Nasuta, Grzegorz"]
[Black "Tomczak, Jacek"]
[Result "1-0"]
[WhiteTitle "IM"]
[BlackTitle "GM"]
[WhiteElo "2371"]
[BlackElo "2546"]

1. e4 e6 2. d4 d5 3. Nc3 Nf6 4. e5 Nfd7 5. f4 c5 6. Nf3 Qb6 7. Na4 Qc6 8. Nxc5
Nxc5 9. dxc5 Bxc5 10. c3 Qb6 11. Qe2 Bd7 12. b4 Be7 13. Be3 Qc7 14. Qd2 Ba4 15.
Bd3 Nd7 16. O-O O-O 17. Bd4 f5 18. exf6 Bxf6 19. Rae1 Rae8 20. Bxf6 Nxf6 21. Nd4
Bd7 22. Re2 Rc8 23. Rc1 Ng4 24. h3 e5 25. fxe5 Nxe5 26. Re3 Rf4 27. Rce1 Nxd3
28. Qxd3 Qd6 29. Ne2 Rf6 30. Rd1 Qb6 31. Qd4 Bc6 32. Qxb6 axb6 33. Rd2 Kf7 34.
Nd4 Re8 35. Rxe8 Bxe8 36. Nf3 Bc6 37. Kf2 Rf4 38. Rd4 Rf6 39. Ke3 Re6+ 40. Kd2
Bb5 41. Ng5+ Kf6 42. Nxe6 Kxe6 43. Rh4 h6 44. Ke3 Bf1 45. Rg4 g5 46. Kd4 Bc4 47.
Rg3 Bxa2 48. Re3+ Kf5 49. Rf3+ Ke6 50. Rf8 Bc4 51. Rh8 Kf5 52. Rxh6 b5 53. g3
Bb3 54. h4 Kg4 55. hxg5 Kxg5 56. Rh7 Kg4 57. Rg7+ Kf3 58. g4 Kf4 59. Rxb7 Kxg4
60. Rxb5 Kf5 61. Rxd5+ Ke6 62. Rd8 Ke7 63. Rd5 Ke6 64. c4 Ba4 65. b5 Bd1 66. b6
Bf3 67. b7 Bxd5 68. cxd5+ Ke7 69. b8=Q Kd7 70. Qb7+ Kd8 71. Ke5 Ke8 72. Ke4 1-0

[Event "Druzynowe Mistrzostwa Polski w Szachach Blyskawicznych"]
[Site "Piotrkow Trybunalski"]
[Date "1899-12-30"]
[Round "9.10"]
[White "Warakomski, Tomasz"]
[Black "Trofimiuk, Tomasz"]
[Result "1-0"]
[WhiteTitle "GM"]
[BlackTitle "II+"]
[WhiteElo "2503"]
[BlackElo "1624"]

1. e4 c5 2. Nf3 d6 3. d4 cxd4 4. Nxd4 Nf6 5. Nc3 g6 6. Bg5 Bg7 7. Bb5+ Bd7 8. Qe2
O-O 9. O-O-O a6 10. Bxd7 Nbxd7 11. f4 e5 12. Nf3 Qb6 13. fxe5 Nxe5 14. Bxf6 Bxf6
15. Nd5 Nd3+ 16. cxd3 Rac8+ 17. Kb1 Qd8 18. h4 Bg7 19. h5 Rc5 20. hxg6 fxg6 21.
d4 Rb5 22. Qc4 Rf7 23. Rdf1 h6 24. Nc3 Rh5 25. Rxh5 gxh5 26. Ne5 dxe5 1-0

[Event "Druzynowe Mistrzostwa Polski w Szachach Blyskawicznych"]
[Site "Piotrkow Trybunalski"]
[Date "1899-12-30"]
[Round "9.11"]
[White "Zochowski, Kacper"]
[Black "Szelag, Marcin"]
[Result "0-1"]
[WhiteTitle "k"]
[BlackTitle "IM"]
[WhiteElo "2277"]
[BlackElo "2340"]

1. e4 c5 2. Nf3 d6 3. d4 cxd4 4. Nxd4 Nf6 5. Nc3 a6 6. f4 e5 7. Nf3 Nbd7 8. Bd3
Be7 9. O-O exf4 10. Bxf4 Qb6+ 11. Kh1 Qxb2 12. Nd5 Nxd5 13. exd5 O-O 14. Re1 Bf6
15. Rb1 Qa3 16. Ng5 g6 17. Ne4 Be5 18. Bh6 Rd8 19. Qf3 Qxa2 20. Bg5 Rf8 21. Be7
Qxd5 22. Bxf8 Kxf8 23. Rbd1 Qa5 24. Bc4 f5 25. Ng5 Nf6 26. Qb3 Kg7 27. Ne6+ Bxe6
28. Bxe6 Qb5 29. Qa2 Re8 30. Bc4 Qc5 31. Rb1 b5 32. Bd3 Ng4 33. Rf1 Nf2+ 34. Rxf2
Qxf2 35. Qxa6 Bd4 36. Qb7+ Kh6 37. Rf1 Re1 38. Qxb5 Qg1+ 0-1

[Event "Druzynowe Mistrzostwa Polski w Szachach Blyskawicznych"]
[Site "Piotrkow Trybunalski"]
[Date "1899-12-30"]
[Round "10.1"]
[White "Miton, Kamil"]
[Black "Nasuta, Grzegorz"]
[Result "1-0"]
[WhiteTitle "GM"]
[BlackTitle "IM"]
[WhiteElo "2530"]
[BlackElo "2371"]

1. d4 Nf6 2. c4 g6 3. Nc3 d5 4. Nf3 Bg7 5. e3 O-O 6. Be2 c5 7. dxc5 Qa5 8. O-O
dxc4 9. Qd4 Be6 10. Ng5 Nc6 11. Qh4 Bd7 12. Bxc4 h6 13. Nge4 Nxe4 14. Nxe4 g5
15. Qg3 Qb4 16. Bd5 Bf5 17. a3 Qa5 1-0